00658nam a2200181Ia 4500008004100000020001500041041001200056082001600068100001800084245010300102260003400205300000800239650001600247700001900263942000700282999001500289952017200304221030s9999 xx 000 0 und d a8187527021 aEnglish a105.23bJai aB. M. Agarwal 0aUse of the Internet for Chartered Accounts & Company Secretariescby B. M. Agarwal, B. M. Aggrawal bMashbra Ind.aNew Delhic2000 a300 aBE Computer aB. M. Aggrawal cBK c7300d7300 pBE 3603g200.00l0o105.23 Jair2024-06-13 00:00:00w2022-10-30yBK003Print4070aMIETLIBbMIETLIBcBL-Academic Block C, FL-2, CUP-166, SH-1, R-1d2001-04-0510HBE